Normal view
MARC view
- MS Computational Science and Engineering
Entry Topical Term
001 - CONTROL NUMBER
- control field: 81456
003 - CONTROL NUMBER IDENTIFIER
- control field: NUST
005 - DATE AND TIME OF LATEST TRANSACTION
- control field: 20210812103922.0
008 - FIXED-LENGTH DATA ELEMENTS
- fixed length control field: 210812|| aca||aabn | a|a d
040 ## - CATALOGING SOURCE
- Original cataloging agency: NUST
- Transcribing agency: NUST
150 ## - HEADING--TOPICAL TERM
- Topical term or geographic name entry element: MS Computational Science and Engineering
670 ## - SOURCE DATA FOUND
- Source citation: Work cat.: (NUST): Marya Jabeen Zia. 81455, Implementation of Deep Neural Networks for Medical Image Segmentation /, 2021.
